| Tag |
First Indicator |
Second Indicator |
Subfields |
| LEADER |
00000cam a2200000Ma 4500 |
| 001 |
in00003545643 |
| 006 |
m o d |
| 007 |
cr nn||||||||| |
| 008 |
121227s1998 ne o 000 0 eng d |
| 005 |
20260421181041.3 |
| 020 |
|
|
|a 9789401150361 (electronic bk.)
|
| 020 |
|
|
|a 9401150362 (electronic bk.)
|
| 035 |
|
|
|a (OCoLC)840311059
|
| 040 |
|
|
|a I9W
|b eng
|e pn
|c I9W
|d OCLCO
|d OCLCQ
|d GW5XE
|d OCLCF
|d OCLCO
|d UtOrBLW
|
| 049 |
|
|
|a TXAM
|
| 050 |
|
4 |
|a QC20.7.C55
|
| 082 |
0 |
4 |
|a 515.9
|2 23
|
| 100 |
1 |
|
|a Dietrich, Volker.
|
| 245 |
1 |
0 |
|a Clifford Algebras and Their Application in Mathematical Physics :
|b Aachen 1996 /
|c edited by Volker Dietrich, Klaus Habetha, Gerhard Jank.
|
| 264 |
|
1 |
|a Dordrecht :
|b Springer Netherlands,
|c 1998.
|
| 300 |
|
|
|a 1 online resource (480 pages)
|
| 336 |
|
|
|a text
|b txt
|2 rdacontent
|
| 337 |
|
|
|a computer
|b c
|2 rdamedia
|
| 338 |
|
|
|a online resource
|b cr
|2 rdacarrier
|
| 490 |
1 |
|
|a Fundamental theories of physics ;
|v 94
|
| 520 |
|
|
|a Clifford Algebras continues to be a fast-growing discipline, with ever-increasing applications in many scientific fields. This volume contains the lectures given at the <em>Fourth Conference on Clifford</em> <em>Algebras and their Applications in Mathematical Physics</em>, held at RWTH Aachen in May 1996. The papers represent an excellent survey of the newest developments around Clifford Analysis and its applications to theoretical physics. <br/> <em>Audience:</em> This book should appeal to physicists and mathematicians working in areas involving functions of complex variables, associative rings and algebras, integral transforms, operational calculus, partial differential equations, and the mathematics of physics.
|
| 500 |
|
|
|a Electronic resource.
|
| 650 |
|
0 |
|a Clifford algebras
|v Congresses.
|
| 650 |
|
0 |
|a Mathematical physics
|v Congresses.
|
| 650 |
|
7 |
|a Clifford algebras.
|2 fast
|0 (OCoLC)fst00864221
|
| 650 |
|
7 |
|a Mathematical physics.
|2 fast
|0 (OCoLC)fst01012104
|
| 655 |
|
7 |
|a Electronic books.
|2 local
|
| 655 |
|
7 |
|a Conference proceedings.
|2 fast
|0 (OCoLC)fst01423772
|
| 700 |
1 |
|
|a Habetha, Klaus.
|
| 700 |
1 |
|
|a Jank, Gerhard.
|
| 710 |
2 |
|
|a SpringerLink (Online service)
|
| 830 |
|
0 |
|a Fundamental theories of physics ;
|v 94.
|
| 856 |
4 |
0 |
|u http://proxy.library.tamu.edu/login?url=https://link.springer.com/10.1007/978-94-011-5036-1
|z Connect to the full text of this electronic book
|t 0
|
| 994 |
|
|
|a 92
|b TXA
|
| 999 |
|
|
|a MARS
|
| 999 |
f |
f |
|s 16cc686e-d910-3064-a47e-df6dc22545d8
|i 13f633ed-3e7c-32d5-a899-6a7b170394ea
|t 0
|
| 952 |
f |
f |
|a Texas A&M University
|b College Station
|c Electronic Resources
|s www_evans
|d Available Online
|t 0
|e QC20.7.C55
|h Library of Congress classification
|
| 998 |
f |
f |
|a QC20.7.C55
|t 0
|l Available Online
|